Nyílt levél Trencsényi Lászlóhoz

Elmentve itt :
Bibliográfiai részletek
Szerző: Ittzés Mihály
Dokumentumtípus: Cikk
Megjelent: 2000
Sorozat:Iskolakultúra 10 No. 8
Online Access:http://misc.bibl.u-szeged.hu/40258
LEADER 00565nab a2200169 i 4500
001 misc40258
005 20191106140912.0
008 180709s2000 hu o 0|| zxx d
022 |a 1215-5233 
040 |a SZTE Miscellanea Repozitórium  |b hun 
041 |a zxx 
100 1 |a Ittzés Mihály 
245 1 0 |a Nyílt levél Trencsényi Lászlóhoz  |h [elektronikus dokumentum] /  |c  Ittzés Mihály 
260 |c 2000 
300 |a 115-119 
490 0 |a Iskolakultúra  |v 10 No. 8 
856 4 0 |u http://misc.bibl.u-szeged.hu/40258/1/EPA00011_iskolakultura_2000_08_115-119.pdf  |z Dokumentum-elérés